00446nam a22001577a 4500003000400000005001700004008004100021020001800062082001700080100002300097245006000120260003700180300001000217653003400227653002700261OSt20220406105700.0220406b |||||||| |||| 00| 0 eng d a9789383181612 a370.15bR81E aRoy, Kranti Biswas aEducational psychology & pedagogycby Kranti Biswas Roy aDelhibGlobal Publicationsc2017 a236p. aEducation--Study and teaching aEducational psychology